[Event "Chorzow op"]
[Site "Chorzow"]
[Date "2010.03.22"]
[Round "3"]
[White "Stepniewski, Jerzy"]
[Black "Mirek, Lukasz"]
[Result "1-0"]
[WhiteElo "1794"]
[BlackElo "1643"]
[PlyCount "89"]
[EventDate "2010.03.20"]
[EventType "swiss"]
[EventRounds "9"]
[EventCountry "POL"]
[SourceTitle "EXT 2012"]
[Source "ChessBase"]
[SourceDate "2011.11.24"]
[SourceVersion "1"]
[SourceVersionDate "2011.11.24"]
[SourceQuality "1"]

1. Nf3 d6 2. e4 c5 3. c3 Nf6 4. Be2 Nc6 5. d3 e6 6. 0-0 c4 7. Qc2 cxd3 8. Bxd3 Be7 9. h3 0-0 10. Rd1 Bd7 11. Qe2 Qc7 12. Bf4 e5 13. Bh2 Ne8 14. Nbd2 g6 15. Nf1 Ng7 16. Ng3 Nd8 17. Qd2 f5 18. Rac1 f4 19. Nf1 g5 20. b4 h5 21. Bc2 Be6 22. Bb3 Bxb3 23. axb3 Qd7 24. Nxe5 Qe6 25. Nc4 Qxe4 26. Re1 Qf5 27. Rxe7 f3 28. Ng3 Qf6 29. Rxg7+ Qxg7 30. Nxh5 Qg6 31. g4 Nf7 32. Qd5 Rfe8 33. Nxd6 Rad8 34. Nf6+ Qxf6 35. Nxe8 Rxe8 36. Bg3 Kg7 37. Qxb7 Rh8 38. Qxa7 Qh6 39. Qd4+ Kg8 40. Ra1 Qxh3 41. Ra8+ Kh7 42. Rxh8+ Nxh8 43. Qe4+ Kg7 44. Qxf3 Qh6 45. Be5+ 1-0

[Event "Chorzow op"]
[Site "Chorzow"]
[Date "2010.03.20"]
[Round "1"]
[White "Stepniewski, Jerzy"]
[Black "Widera, Jan"]
[Result "0-1"]
[WhiteElo "1794"]
[BlackElo "2065"]
[PlyCount "72"]
[EventDate "2010.03.20"]
[EventType "swiss"]
[EventRounds "9"]
[EventCountry "POL"]
[SourceTitle "EXT 2012"]
[Source "ChessBase"]
[SourceDate "2011.11.24"]
[SourceVersion "1"]
[SourceVersionDate "2011.11.24"]
[SourceQuality "1"]

1. Nf3 c5 2. e4 Nc6 3. c3 Nf6 4. d3 e5 5. Nbd2 d5 6. Be2 Be7 7. 0-0 0-0 8. Re1 Re8 9. Bf1 dxe4 10. Nxe4 Nxe4 11. Rxe4 f5 12. Qb3+ Kf8 13. Nxe5 Nxe5 14. Rxe5 Bd6 15. Bg5 Qxg5 16. Rxe8+ Kxe8 17. Qg8+ Kd7 18. Re1 Kc7 19. d4 a6 20. dxc5 Bxc5 21. Qc4 Kb6 22. b4 Bd6 23. Qd4+ Kc7 24. Rd1 Qe7 25. Qc4+ Kb8 26. Qd3 Bc7 27. Qd2 Ka7 28. a4 Qe5 29. g3 a5 30. Re1 Qd6 31. Qb2 Bd7 32. bxa5 Bc6 33. a6 Qd5 34. f3 Bb6+ 35. Kh1 Re8 36. Rxe8 Qxf3+ 0-1

[Event "Polanica Zdroj op-B 45th"]
[Site "Polanica Zdroj"]
[Date "2009.08.25"]
[Round "8"]
[White "Stepniewski, Jerzy"]
[Black "Kustal, Emilia"]
[Result "1-0"]
[WhiteElo "1814"]
[BlackElo "1603"]
[PlyCount "75"]
[EventDate "2009.08.18"]
[EventType "swiss"]
[EventRounds "10"]
[EventCountry "POL"]
[SourceTitle "CBM 131 Extra"]
[Source "ChessBase"]
[SourceDate "2009.09.03"]
[SourceVersion "2"]
[SourceVersionDate "2009.09.16"]
[SourceQuality "1"]

1. Nf3 Nf6 2. d3 e6 3. c3 d5 4. g3 b6 5. Bg2 Bb7 6. 0-0 Be7 7. e3 0-0 8. Nbd2 Nbd7 9. d4 c5 10. Re1 Qc7 11. Nf1 Rac8 12. Kh1 Ba6 13. Ng5 h6 14. Nh3 Bd6 15. g4 Bxf1 16. Rxf1 cxd4 17. exd4 b5 18. a3 a5 19. g5 hxg5 20. Bxg5 b4 21. axb4 axb4 22. Rc1 Qa5 23. Ra1 Qc7 24. Bd2 bxc3 25. bxc3 Ra8 26. Qe2 Nb6 27. Rxa8 Rxa8 28. Be1 Na4 29. c4 Rb8 30. c5 Bf4 31. f3 Nh5 32. Qa6 Nb2 33. Ba5 Qb7 34. Qxb7 Rxb7 35. Nxf4 Nxf4 36. c6 Ra7 37. c7 Ra8 38. Rb1 1-0

[Event "Polanica Zdroj op-B 45th"]
[Site "Polanica Zdroj"]
[Date "2009.08.23"]
[Round "6"]
[White "Stepniewski, Jerzy"]
[Black "Wozniak, Grzegorz"]
[Result "1/2-1/2"]
[WhiteElo "1814"]
[BlackElo "1570"]
[PlyCount "82"]
[EventDate "2009.08.18"]
[EventType "swiss"]
[EventRounds "10"]
[EventCountry "POL"]
[SourceTitle "CBM 131 Extra"]
[Source "ChessBase"]
[SourceDate "2009.09.03"]
[SourceVersion "2"]
[SourceVersionDate "2009.09.16"]
[SourceQuality "1"]

1. Nf3 c5 2. c4 Nc6 3. Nc3 g6 4. b3 Bg7 5. a3 d6 6. Bb2 e5 7. d3 Nge7 8. h3 0-0 9. e3 h6 10. Qc2 Be6 11. e4 Nd4 12. Nxd4 exd4 13. Ne2 f5 14. Nf4 Bf7 15. Nd5 Nxd5 16. exd5 Re8+ 17. Be2 Qg5 18. 0-0 Qf6 19. Bf3 Re7 20. b4 b6 21. Bc1 Rae8 22. Bd2 g5 23. Rae1 Rxe1 24. Rxe1 Rxe1+ 25. Bxe1 Qe7 26. Kf1 Be8 27. b5 Bf6 28. Qd1 Bg6 29. Qe2 Qxe2+ 30. Kxe2 h5 31. g3 Kg7 32. Bg2 Be8 33. Bd2 Kg6 34. f4 g4 35. hxg4 hxg4 36. a4 Bd7 37. Be1 Kf7 38. Kd1 Ke8 39. Kc1 Kd8 40. a5 Kc7 41. a6 Kc8 1/2-1/2

[Event "Polanica Zdroj op-B 45th"]
[Site "Polanica Zdroj"]
[Date "2009.08.20"]
[Round "3"]
[White "Stepniewski, Jerzy"]
[Black "Szymczak, Paula"]
[Result "1-0"]
[WhiteElo "1814"]
[BlackElo "1674"]
[PlyCount "75"]
[EventDate "2009.08.18"]
[EventType "swiss"]
[EventRounds "10"]
[EventCountry "POL"]
[SourceTitle "CBM 131 Extra"]
[Source "ChessBase"]
[SourceDate "2009.09.03"]
[SourceVersion "2"]
[SourceVersionDate "2009.09.16"]
[SourceQuality "1"]

1. Nf3 d6 2. d4 Nf6 3. c3 Nbd7 4. e3 e5 5. Qb3 Be7 6. Bc4 0-0 7. 0-0 exd4 8. exd4 c6 9. Nbd2 d5 10. Bd3 Nh5 11. Qc2 h6 12. g3 Nb6 13. Ne5 Bh3 14. Re1 f5 15. Ndf3 f4 16. Bh7+ Kh8 17. Ng6+ Kxh7 18. Nxf8+ Kg8 19. Ng6 Bf6 20. Nxf4 Nxf4 21. Bxf4 Qd7 22. Ne5 Bxe5 23. Bxe5 Qf7 24. Qe2 Qf5 25. b3 Bg4 26. Qe3 Qh5 27. f3 Bxf3 28. Rf1 Rf8 29. Rae1 Nc8 30. Rf2 g5 31. Ref1 g4 32. Qd2 Rf7 33. Bf4 Kh7 34. Re1 Qh3 35. Re6 h5 36. Be5 Kg8 37. Qg5+ Kf8 38. Qd8# 1-0

[Event "Chorzow op 45th"]
[Site "Chorzow"]
[Date "2009.04.01"]
[Round "5"]
[White "Skrzyczek, Tomasz"]
[Black "Stepniewski, Jerzy"]
[Result "0-1"]
[WhiteElo "2027"]
[BlackElo "1810"]
[PlyCount "56"]
[EventDate "2009.03.28"]
[EventType "swiss"]
[EventRounds "9"]
[EventCountry "POL"]
[SourceTitle "CBM 129 Extra"]
[Source "ChessBase"]
[SourceDate "2009.05.05"]
[SourceVersion "2"]
[SourceVersionDate "2009.05.20"]
[SourceQuality "1"]

1. e4 g6 2. d4 Bg7 3. Nc3 d6 4. Be3 c6 5. Qd2 h6 6. f3 Nd7 7. g4 b6 8. g5 hxg5 9. Bxg5 a5 10. 0-0-0 Rh5 11. h4 a4 12. Nge2 Ndf6 13. Nf4 Rh8 14. d5 c5 15. Bb5+ Bd7 16. Qe2 a3 17. e5 axb2+ 18. Kb1 dxe5 19. Ne6 fxe6 20. dxe6 Kf8 21. exd7 Nh6 22. Qxe5 Nf5 23. Nd5 Nh5 24. Qe6 Rxa2 25. Kxa2 Qa8+ 26. Kb3 b1Q+ 27. Rxb1 Nd4+ 28. Kc4 Nxe6 0-1

[Event "Chorzow op 45th"]
[Site "Chorzow"]
[Date "2009.03.31"]
[Round "4"]
[White "Stepniewski, Jerzy"]
[Black "Rak, Dariusz"]
[Result "1/2-1/2"]
[WhiteElo "1810"]
[BlackElo "1884"]
[PlyCount "70"]
[EventDate "2009.03.28"]
[EventType "swiss"]
[EventRounds "9"]
[EventCountry "POL"]
[SourceTitle "CBM 129 Extra"]
[Source "ChessBase"]
[SourceDate "2009.05.05"]
[SourceVersion "2"]
[SourceVersionDate "2009.05.20"]
[SourceQuality "1"]

1. Nf3 d5 2. c3 c5 3. e3 Nc6 4. d4 e6 5. Bd3 Nf6 6. Nbd2 Bd6 7. h3 0-0 8. 0-0 c4 9. Bc2 b5 10. a3 a5 11. e4 e5 12. exd5 Nxd5 13. dxe5 Bxe5 14. Nxe5 Nxe5 15. Qh5 Ng6 16. Nf3 Bb7 17. Rd1 Qd6 18. Rd4 Qe6 19. Bd2 Nf6 20. Qxb5 Bxf3 21. gxf3 Qxh3 22. Qf5 Qxf5 23. Bxf5 Ne5 24. Kg2 Rad8 25. Rd1 Rxd4 26. cxd4 Nc6 27. Bg5 Nd5 28. Bd7 Nb8 29. Ba4 Rc8 30. Bd2 Nc6 31. Bxc6 Rxc6 32. Bxa5 Nf4+ 33. Kf1 Rh6 34. Ke1 Re6+ 35. Kf1 Rh6 1/2-1/2

[Event "Rowy Veterans 14th"]
[Site "Rowy"]
[Date "2008.08.31"]
[Round "2.12"]
[White "Krasowski, Slawomir"]
[Black "Stepniewski, Jerzy"]
[Result "1-0"]
[WhiteElo "2092"]
[BlackElo "1880"]
[PlyCount "151"]
[EventDate "2008.08.30"]
[EventType "swiss"]
[EventRounds "9"]
[EventCountry "POL"]
[SourceTitle "EXT 2023"]
[Source "ChessBase"]
[SourceDate "2022.10.05"]
[SourceVersion "1"]
[SourceVersionDate "2022.10.05"]
[SourceQuality "1"]

1. e4 Nh6 2. d4 g6 3. Nf3 d6 4. h3 f6 5. Bc4 e6 6. 0-0 Nf7 7. Nc3 Bg7 8. Re1 0-0 9. Be3 a6 10. a4 Bd7 11. Ne2 b6 12. c3 Re8 13. Nf4 Bc8 14. Qb3 Qe7 15. Qc2 Kh8 16. b4 Bd7 17. Qb3 Ng5 18. Nd2 a5 19. b5 Bc8 20. f3 Nf7 21. Rac1 Nd8 22. Bd3 Nd7 23. Qd1 Nf8 24. Qe2 Qf7 25. Qf2 g5 26. Ne2 e5 27. Ng3 Ng6 28. Nf5 Ne6 29. g3 Ne7 30. Bc4 Qg6 31. Bd3 Nf4 32. Bxf4 gxf4 33. g4 Be6 34. Qh4 Bxf5 35. exf5 Qg5 36. Qxg5 fxg5 37. dxe5 Bxe5 38. Bc4 Rad8 39. Bf7 Rf8 40. Be6 h6 41. Kg2 Kg7 42. Rh1 Rh8 43. h4 d5 44. Nb3 Bf6 45. hxg5 hxg5 46. Rxh8 Rxh8 47. Nd4 Rd8 48. Kf2 Rd6 49. Ke2 c5 50. bxc6 Nxc6 51. Nb5 Rd8 52. Nc7 d4 53. Bd5 Rc8 54. Ne6+ Kf7 55. Nxd4+ Ke7 56. Nxc6+ Kd6 57. Be4 Kc5 58. Kd3 Rc7 59. Kc2 b5 60. axb5 a4 61. Rb1 Kb6 62. c4 Rh7 63. Nb4 Rh2+ 64. Kd3 Bb2 65. Nd5+ Kc5 66. Nc3 a3 67. Na4+ Kb4 68. Nxb2 axb2 69. b6 Kb3 70. b7 Rh8 71. Kd4 Ka2 72. Kc5 Re8 73. Kb6 Rxe4 74. Rxb2+ Kxb2 75. fxe4 f3 76. b8Q 1-0

[Event "Polanica Zdroj op-C 44th"]
[Site "Polanica Zdroj"]
[Date "2008.08.27"]
[Round "9"]
[White "Malec, Robert"]
[Black "Stepniewski, Jerzy"]
[Result "1-0"]
[WhiteElo "1789"]
[BlackElo "1880"]
[PlyCount "54"]
[EventDate "2008.08.19"]
[EventType "swiss"]
[EventRounds "9"]
[EventCountry "POL"]
[SourceTitle "CBM 126 Extra"]
[Source "ChessBase"]
[SourceDate "2008.11.05"]
[SourceVersion "1"]
[SourceVersionDate "2008.11.05"]
[SourceQuality "1"]

1. e4 Nh6 2. Nc3 f6 3. Bc4 e6 4. Nf3 d6 5. d4 Nf7 6. Be3 c6 7. Qd2 b6 8. 0-0-0 g6 9. h4 a5 10. a4 d5 11. Bd3 Na6 12. h5 g5 13. exd5 cxd5 14. Rde1 Be7 15. Bb5+ Kf8 16. g3 Nd6 17. Nh2 Bd7 18. f4 h6 19. Ng4 Nb4 20. fxg5 hxg5 21. Ref1 Bxb5 22. axb5 Ke8 23. Qf2 Nf5 24. Bd2 Qd6 25. Rh3 Rc8 26. Re1 Nh6 27. Nxf6+ Kf7 1-0

[Event "Polanica Zdroj op-C 44th"]
[Site "Polanica Zdroj"]
[Date "2008.08.21"]
[Round "3"]
[White "Kwiatkowski, Zygmunt"]
[Black "Stepniewski, Jerzy"]
[Result "0-1"]
[WhiteElo "1613"]
[BlackElo "1880"]
[PlyCount "100"]
[EventDate "2008.08.19"]
[EventType "swiss"]
[EventRounds "9"]
[EventCountry "POL"]
[SourceTitle "CBM 126 Extra"]
[Source "ChessBase"]
[SourceDate "2008.11.05"]
[SourceVersion "1"]
[SourceVersionDate "2008.11.05"]
[SourceQuality "1"]

1. c4 c5 2. g3 g6 3. Nc3 Bg7 4. Bg2 Nc6 5. e4 Nf6 6. Nge2 0-0 7. 0-0 e6 8. d3 d6 9. Rb1 Qe7 10. Bg5 h6 11. Bf4 Kh7 12. Nb5 Ne8 13. a3 Nd4 14. Nbxd4 cxd4 15. b4 e5 16. Bd2 Nf6 17. h3 b6 18. b5 Nd7 19. Bb4 Rb8 20. Kh2 Nc5 21. Bxc5 bxc5 22. a4 f5 23. Qd2 f4 24. Ng1 h5 25. Nf3 Bh6 26. Qe2 Qf7 27. Ng1 Kg7 28. Bf3 Bd7 29. g4 Qe6 30. a5 Qe7 31. gxh5 gxh5 32. Bxh5 f3 33. Bxf3 Bf4+ 34. Kh1 Rf6 35. Bg4 Rh6 36. f3 Rbh8 37. Kg2 Qg5 38. b6 axb6 39. axb6 Rb8 40. Qa2 Bxg4 41. Qa7+ Bd7+ 42. Kf2 Qd8 43. Qc7 Be3+ 44. Ke2 Qxc7 45. bxc7 Rc8 46. f4 exf4 47. Nf3 Rxc7 48. h4 Rg6 49. Ng5 Bg4+ 50. Ke1 Ra7 0-1

[Event "Polanica Zdroj op-C 44th"]
[Site "Polanica Zdroj"]
[Date "2008.08.20"]
[Round "2"]
[White "Stepniewski, Jerzy"]
[Black "Drozd, Lukasz"]
[Result "0-1"]
[WhiteElo "1880"]
[BlackElo "1721"]
[PlyCount "88"]
[EventDate "2008.08.19"]
[EventType "swiss"]
[EventRounds "9"]
[EventCountry "POL"]
[SourceTitle "CBM 126 Extra"]
[Source "ChessBase"]
[SourceDate "2008.11.05"]
[SourceVersion "1"]
[SourceVersionDate "2008.11.05"]
[SourceQuality "1"]

1. Nf3 Nf6 2. g3 g6 3. Bg2 d5 4. c3 c5 5. 0-0 Bg7 6. d3 0-0 7. Bd2 Nc6 8. Qc1 Re8 9. Re1 e5 10. e4 dxe4 11. dxe4 Qd3 12. Re3 Qd6 13. Ne1 c4 14. Na3 Be6 15. Re2 Rad8 16. Bg5 Qe7 17. h3 Rd7 18. Rd2 Red8 19. Rxd7 Qxd7 20. Kh2 h6 21. Be3 Kh7 22. f3 Nh5 23. Bf1 f5 24. Bxc4 f4 25. Bxe6 Qxe6 26. gxf4 exf4 27. Bf2 Be5 28. Qc2 Qd7 29. Nc4 Bb8 30. b3 b5 31. Nb2 Qe7 32. Rd1 Re8 33. Rd5 a6 34. a4 Nf6 35. Rd2 Qc7 36. Qd1 Ne5 37. Bd4 Ned7 38. a5 Nxe4 39. Bb6 Nxb6 40. axb6 Qxc3 41. Rc2 Qe5 42. Re2 Qf5 43. Qc2 Ng5 44. Nbd3 Qxh3+ 0-1

[Event "Polanica Zdroj op-C 44th"]
[Site "Polanica Zdroj"]
[Date "2008.08.19"]
[Round "1"]
[White "Fronczak, Sebastian"]
[Black "Stepniewski, Jerzy"]
[Result "0-1"]
[WhiteElo "1607"]
[BlackElo "1880"]
[PlyCount "64"]
[EventDate "2008.08.19"]
[EventType "swiss"]
[EventRounds "9"]
[EventCountry "POL"]
[SourceTitle "CBM 126 Extra"]
[Source "ChessBase"]
[SourceDate "2008.11.05"]
[SourceVersion "1"]
[SourceVersionDate "2008.11.05"]
[SourceQuality "1"]

1. e4 Nh6 2. d4 g6 3. Nf3 f6 4. Bd3 Nf7 5. Nc3 Bg7 6. 0-0 0-0 7. Re1 d6 8. Bf4 e5 9. Be3 Be6 10. Nd2 exd4 11. Bxd4 Ne5 12. Be2 Nbc6 13. Be3 f5 14. exf5 gxf5 15. Nf3 f4 16. Bc1 d5 17. Nxe5 Nxe5 18. Bf3 c6 19. Ne2 Nxf3+ 20. gxf3 Bh3 21. Kh1 Qh4 22. Rg1 Qxf2 23. Nxf4 Bf5 24. Nh5 Bg6 25. Nxg7 Kxg7 26. Rg3 Rae8 27. Bg5 Re2 28. Qg1 Rxf3 29. Qxf2 Rfxf2 30. Rh3 Rxc2 31. Re1 Be4+ 32. Kg1 Rg2+ 0-1

[Event "Tarnowskie Gory Piasta Memorial 6th"]
[Site "Tarnowskie Gory"]
[Date "2008.07.29"]
[Round "6.7"]
[White "Banasik, Henryk"]
[Black "Stepniewski, Jerzy"]
[Result "1-0"]
[WhiteElo "2148"]
[BlackElo "1880"]
[PlyCount "79"]
[EventDate "2008.07.26"]
[EventType "swiss"]
[EventRounds "10"]
[EventCountry "POL"]
[SourceTitle "EXT 2023"]
[Source "ChessBase"]
[SourceDate "2022.10.05"]
[SourceVersion "1"]
[SourceVersionDate "2022.10.05"]
[SourceQuality "1"]

1. e4 c5 2. Nf3 Nc6 3. d4 cxd4 4. Nxd4 e6 5. Nc3 Bc5 6. Nb3 Be7 7. Be3 Nf6 8. f4 0-0 9. Qf3 e5 10. 0-0-0 d6 11. f5 Na5 12. g4 Nxb3+ 13. axb3 Ne8 14. h4 Bd7 15. g5 Qa5 16. Kb1 Bc6 17. Bc4 b5 18. Bd5 Rc8 19. Bxc6 Rxc6 20. Nd5 Bd8 21. f6 Ra6 22. Kc1 Qa2 23. Kd2 Qa5+ 24. b4 Qa2 25. h5 Rc6 26. Ne7+ Bxe7 27. fxe7 Qxb2 28. exf8Q+ Kxf8 29. Rc1 Rc3 30. Rhf1 f6 31. h6 g6 32. Kd1 Qxb4 33. gxf6 Qa3 34. f7 Rxe3 35. fxe8Q+ Kxe8 36. Qf8+ Kd7 37. Rf7+ Kc6 38. Qc8+ Kb6 39. Rb7+ Ka5 40. Rxa7+ 1-0

[Event "Tarnowskie Gory Piasta Memorial 6th"]
[Site "Tarnowskie Gory"]
[Date "2008.07.28"]
[Round "5.13"]
[White "Jany, Mariusz"]
[Black "Stepniewski, Jerzy"]
[Result "0-1"]
[WhiteElo "1785"]
[BlackElo "1880"]
[PlyCount "45"]
[EventDate "2008.07.26"]
[EventType "swiss"]
[EventRounds "10"]
[EventCountry "POL"]
[SourceTitle "EXT 2023"]
[Source "ChessBase"]
[SourceDate "2022.10.05"]
[SourceVersion "1"]
[SourceVersionDate "2022.10.05"]
[SourceQuality "1"]

1. e4 c5 2. Nf3 Nc6 3. c3 g6 4. d4 cxd4 5. cxd4 Bg7 6. Nc3 d6 7. Be2 Nf6 8. h3 0-0 9. 0-0 Kh8 10. Be3 Ng8 11. d5 Nb8 12. Nh2 Bd7 13. Qd2 a6 14. a3 h5 15. g4 Kh7 16. Kg2 Nf6 17. f4 Rh8 18. f5 Kg8 19. Rf3 Be8 20. Bd4 Nbd7 21. g5 Nh7 22. Bxg7 Kxg7 23. Raf1 0-1

[Event "Chorzow op"]
[Site "Chorzow"]
[Date "2008.04.02"]
[Round "7"]
[White "Falkowski, Dawid"]
[Black "Stepniewski, Jerzy"]
[Result "1-0"]
[WhiteElo "1978"]
[BlackElo "1900"]
[PlyCount "60"]
[EventDate "2008.03.29"]
[EventType "swiss"]
[EventRounds "9"]
[EventCountry "POL"]
[SourceTitle "EXT 2010"]
[Source "ChessBase"]
[SourceDate "2010.11.25"]
[SourceVersion "1"]
[SourceVersionDate "2010.11.25"]
[SourceQuality "1"]

1. e4 Nh6 2. d4 g6 3. Bc4 e6 4. Nf3 f6 5. e5 Nf7 6. Qe2 Bg7 7. Nc3 0-0 8. g4 d5 9. exd6 Qxd6 10. Nb5 Qd7 11. Bf4 Na6 12. 0-0-0 c6 13. Nc3 Nb4 14. Ne4 Nd5 15. Bg3 b6 16. g5 f5 17. Bxd5 cxd5 18. Nf6+ Bxf6 19. gxf6 Qa4 20. Kb1 a5 21. h4 Ra7 22. Qe3 Ba6 23. h5 Re8 24. Rd2 Bc4 25. b3 Qb4 26. hxg6 hxg6 27. Ne5 a4 28. Nxf7 axb3 29. cxb3 Rxa2 30. Rxa2 Bd3+ 1-0

[Event "POL-ch Seniors 18th"]
[Site "Rowy"]
[Date "2007.09.16"]
[Round "9.4"]
[White "Stepniewski, Jerzy"]
[Black "Olejarczyk, Bogdan"]
[Result "1-0"]
[WhiteElo "1852"]
[BlackElo "2219"]
[PlyCount "58"]
[EventDate "2007.09.09"]
[EventType "swiss"]
[EventRounds "9"]
[EventCountry "POL"]
[SourceTitle "EXT 2023"]
[Source "ChessBase"]
[SourceDate "2022.10.05"]
[SourceVersion "1"]
[SourceVersionDate "2022.10.05"]
[SourceQuality "1"]

1. g3 d5 2. Nh3 e5 3. f3 Nc6 4. d3 Be6 5. e3 Be7 6. Bg2 Qd7 7. Nf2 f5 8. c3 Nf6 9. b3 0-0-0 10. d4 g5 11. f4 gxf4 12. exf4 exd4 13. cxd4 Ne4 14. 0-0 Bf6 15. Bb2 Qg7 16. Na3 Nxd4 17. Kh1 h5 18. Nc2 Nc6 19. Bxf6 Qxf6 20. b4 h4 21. g4 Ng3+ 22. Kg1 Nxf1 23. g5 Qc3 24. Bxf1 Nxb4 25. Nd4 Bd7 26. a3 Nc6 27. Nb5 Qe3 28. Qc1 Qxc1 29. Rxc1 d4 1-0

[Event "POL-ch Seniors 18th"]
[Site "Rowy"]
[Date "2007.09.12"]
[Round "5.20"]
[White "Dluski, Emil"]
[Black "Stepniewski, Jerzy"]
[Result "0-1"]
[WhiteElo "1906"]
[BlackElo "1852"]
[PlyCount "44"]
[EventDate "2007.09.09"]
[EventType "swiss"]
[EventRounds "9"]
[EventCountry "POL"]
[SourceTitle "EXT 2023"]
[Source "ChessBase"]
[SourceDate "2022.10.05"]
[SourceVersion "1"]
[SourceVersionDate "2022.10.05"]
[SourceQuality "1"]

1. e4 g6 2. d4 Bg7 3. Be3 d6 4. Nf3 Nd7 5. Bc4 Nb6 6. Bb3 e6 7. 0-0 Ne7 8. c4 a6 9. Nc3 Bd7 10. Qe2 0-0 11. Rad1 Nbc8 12. c5 Kh8 13. cxd6 cxd6 14. d5 e5 15. Ng5 h6 16. Nh3 f6 17. f4 Bxh3 18. gxh3 exf4 19. Bxf4 g5 20. Bg3 Ng6 21. Qh5 Nce7 22. h4 gxh4 0-1

[Event "Polanica Zdroj op-B 43rd"]
[Site "Polanica Zdroj"]
[Date "2007.08.24"]
[Round "7"]
[White "Gromada, Andrzej"]
[Black "Stepniewski, Jerzy"]
[Result "0-1"]
[WhiteElo "2014"]
[BlackElo "1852"]
[PlyCount "138"]
[EventDate "2007.08.17"]
[EventType "swiss"]
[EventRounds "10"]
[EventCountry "POL"]
[SourceTitle "CBM 120 Extra"]
[Source "ChessBase"]
[SourceDate "2007.11.01"]
[SourceVersion "1"]
[SourceVersionDate "2007.11.01"]
[SourceQuality "1"]

1. Nf3 g6 2. d4 Nh6 3. e4 f6 4. Bc4 e6 5. Nc3 Nf7 6. 0-0 Bg7 7. Be3 0-0 8. Qd2 a6 9. Bb3 Nc6 10. a4 b6 11. Rad1 Na5 12. Ba2 d6 13. b4 Nb7 14. h3 Qe7 15. Ne2 Bd7 16. a5 b5 17. c3 Kh8 18. Nh2 Nbd8 19. f4 f5 20. exf5 exf5 21. Rfe1 Bc8 22. Nc1 Qd7 23. Nf3 d5 24. Nd3 c6 25. Nc5 Qc7 26. Bf2 Nd6 27. Ne5 Ne4 28. Nxe4 fxe4 29. Bh4 Ne6 30. Bg3 Qb7 31. Rf1 Nd8 32. Qe3 Nf7 33. Bh4 Nd6 34. g4 Be6 35. Bg3 Ne8 36. Rf2 Qc8 37. Rdd2 Ra7 38. Bb3 Rd7 39. Nxd7 Qxd7 40. f5 gxf5 41. g5 Bf7 42. Bd1 Bg6 43. h4 Nd6 44. Qf4 Nc4 45. Ra2 Qe8 46. h5 Bxh5 47. Bxh5 Qxh5 48. Rh2 Qd1+ 49. Kg2 Kg8 50. Rf2 Qd3 51. Rh1 Ne3+ 52. Kh3 Ng4 53. Rff1 Qxc3 54. Rc1 Qxd4 55. Qd6 Be5 56. Qe6+ Kh8 57. Bxe5+ Nxe5 58. Rcf1 f4 59. Kh4 Ng6+ 60. Kg4 Qg7 61. Rh6 Ne5+ 62. Kh4 Nf3+ 63. Rxf3 exf3 64. Kh3 f2 65. Kg2 Qxg5+ 66. Kxf2 f3 67. Rh2 Qd2+ 68. Kg3 Qf4+ 69. Kh3 Rg8 0-1

[Event "Polanica Zdroj op-B 43rd"]
[Site "Polanica Zdroj"]
[Date "2007.08.24"]
[Round "8"]
[White "Stepniewski, Jerzy"]
[Black "Januszewski, Tomasz"]
[Result "1-0"]
[WhiteElo "1852"]
[BlackElo "2028"]
[PlyCount "69"]
[EventDate "2007.08.17"]
[EventType "swiss"]
[EventRounds "10"]
[EventCountry "POL"]
[SourceTitle "CBM 120 Extra"]
[Source "ChessBase"]
[SourceDate "2007.11.01"]
[SourceVersion "1"]
[SourceVersionDate "2007.11.01"]
[SourceQuality "1"]

1. g3 d5 2. Nh3 e5 3. f3 Nc6 4. Nf2 Be6 5. Bg2 Qd7 6. e3 Bc5 7. d3 f5 8. a3 0-0-0 9. c3 d4 10. exd4 exd4 11. c4 Re8 12. 0-0 b6 13. b4 Bd6 14. f4 Kb8 15. Qf3 Nge7 16. b5 Kb7 17. bxc6+ Nxc6 18. Nd2 Bc5 19. Nb3 Qd6 20. Bd2 Bd7 21. Nxc5+ bxc5 22. Rab1+ Kc8 23. Rb3 Re6 24. Rfb1 Be8 25. Qd5 g6 26. Kf1 h5 27. Qxd6 Rxd6 28. h4 Rh7 29. Nh3 Re7 30. Ng5 Nd8 31. Bd5 Nf7 32. Rb8+ Kd7 33. Nh7 Rb6 34. R1xb6 cxb6 35. Nf6+ 1-0

[Event "Tarnowskie Gory Piasta Memorial 5th"]
[Site "Tarnowskie Gory"]
[Date "2007.08.22"]
[Round "4"]
[White "Stepniewski, Jerzy"]
[Black "Tchorzewski, Kazimierz"]
[Result "1/2-1/2"]
[WhiteElo "1852"]
[BlackElo "1912"]
[PlyCount "36"]
[EventDate "2007.07.28"]
[EventType "swiss"]
[EventRounds "10"]
[EventCountry "POL"]
[SourceTitle "EXT 2011"]
[Source "ChessBase"]
[SourceDate "2010.11.26"]
[SourceVersion "1"]
[SourceVersionDate "2010.11.26"]
[SourceQuality "1"]

1. Nh3 e5 2. f3 d5 3. Nf2 Nf6 4. d3 Bc5 5. e3 c6 6. Be2 b5 7. 0-0 Qb6 8. Qd2 a5 9. a3 Nbd7 10. b3 Bb7 11. Bb2 Bxe3 12. Qe1 Bd4 13. c3 Bc5 14. d4 exd4 15. cxd4 Bd6 16. Kh1 0-0-0 17. Bd3 c5 18. dxc5 Bxc5 1/2-1/2